000 00658nas a2200229 4500
001 BR8902722
003 BR-BrBNA
005 20231205091554.0
007 ta
008 230509b bl.|||p| |||| 00| 00por d
040 _aBR-BrBNA
_bpor
_cBiblioteca Nacional de Agricultura
041 _a(Pt)
072 _aF01
100 1 _aCroce, D.M. da
245 1 _aPoda de formacao em ervais no campo
650 _aPODA DE FORMACAO
650 _aPLANTA MEDICINAL
650 _aADUBACAO
773 0 _tAgropecuaria Catarinense (Brazil)
_xISSN 0103-0779
_g(Dec 1988), v. 1(4) p. 32-33
_wBR8902722
909 _a202311
_bLúcia
_c55
_dLúcia Elande
942 _2AGRIS
_n0
_cANA
999 _c125955
_d125955